000 00600nam a2200181 i 4500
001 62217
003 ES-MaACL
005 20250913153950.0
007 t|
008 031119s1971 sp ||||1| spa d
100 0 _aFederica
_cReina consorte de Pablo I, Rey de Grecia.
_949059
245 1 0 _aReina Federica de Grecia
_b: memoria /
_c[traducción de F. Ximénez de Sandoval].
260 _aMadrid :
_bG. del Toro,
_c[1971]
300 _a334 p., 12 lám. ;
_c24 cm.
700 1 _aXiménez de Sandoval, Felipe,
_d1903-1978
_9117510
852 _aES-MaACL
_jC-40988
_bR.80047
999 _c62217
_d62217